[Event "Recife Arraes Memorial 12th"]
[Site "Recife"]
[Date "2019.09.01"]
[Round "5"]
[White "Rocha, Vitor Firmo de Souz"]
[Black "Cavalcanti, Francisco de Assis"]
[Result "0-1"]
[WhiteElo "2155"]
[BlackElo "2288"]
[PlyCount "57"]
[EventDate "2019.08.30"]
[EventType "swiss"]
[EventRounds "6"]
[EventCountry "BRA"]
[SourceTitle "EXT 2020"]
[Source "ChessBase"]
[SourceDate "2019.10.17"]
[SourceVersion "1"]
[SourceVersionDate "2019.10.17"]
[SourceQuality "1"]

1. e4 c5 2. Nf3 d6 3. d4 Nf6 4. Nc3 cxd4 5. Nxd4 a6 6. Bg5 e6 7. f4 Nbd7 8. Qf3 Qc7 9. 0-0-0 Be7 10. g4 h6 11. Bxf6 Bxf6 12. h4 Qb6 13. Nde2 Nc5 14. g5 hxg5 15. hxg5 Rxh1 16. Qxh1 Be7 17. Qh8+ Bf8 18. f5 Bd7 19. Nd4 0-0-0 20. f6 gxf6 21. gxf6 Na4 22. Nxa4 Bxa4 23. Kb1 d5 24. Nxe6 fxe6 25. f7 dxe4 26. Rc1 Qd4 27. Qh3 Rd6 28. Qa3 Bc6 29. Bh3 0-1

[Event "Recife Arraes Memorial 12th"]
[Site "Recife"]
[Date "2019.08.31"]
[Round "4"]
[White "Cavalcanti, Francisco de Assis"]
[Black "Urquiza, Marcello de Albuque"]
[Result "1-0"]
[WhiteElo "2288"]
[BlackElo "2059"]
[PlyCount "111"]
[EventDate "2019.08.30"]
[EventType "swiss"]
[EventRounds "6"]
[EventCountry "BRA"]
[SourceTitle "EXT 2020"]
[Source "ChessBase"]
[SourceDate "2019.10.17"]
[SourceVersion "1"]
[SourceVersionDate "2019.10.17"]
[SourceQuality "1"]

1. Nf3 Nf6 2. d4 d5 3. c4 dxc4 4. Qa4+ c6 5. Qxc4 Bg4 6. Ne5 Bh5 7. Nc3 e6 8. e4 Nbd7 9. Nxd7 Qxd7 10. f3 Be7 11. Be3 0-0 12. Be2 Rac8 13. 0-0 b5 14. Qd3 Rfd8 15. Rfd1 Qb7 16. Qc2 Nd7 17. a3 Bg6 18. b3 a6 19. Rac1 c5 20. dxc5 Nxc5 21. Qa2 Rxd1+ 22. Rxd1 Qc7 23. Rc1 Qb8 24. b4 Nd7 25. Bf1 Bd6 26. g3 Ne5 27. Kg2 Nc4 28. Bf2 h5 29. Nb1 Ne5 30. Rxc8+ Qxc8 31. Qd2 Qc7 32. Nc3 h4 33. Be2 hxg3 34. hxg3 Qc6 35. Qd4 Nd7 36. Nd1 Be5 37. Qa7 f5 38. exf5 Bxf5 39. Ne3 Bg6 40. Ng4 Bb8 41. Qe3 Bf5 42. Qg5 Bxg4 43. Qxg4 Nf6 44. Qg6 Be5 45. Bc5 Bb2 46. Qd3 Qd5 47. Qe3 Kf7 48. Kf2 Qa2 49. Qe5 Qxa3 50. g4 Bc1 51. Qc7+ Kg6 52. Bf8 Qe3+ 53. Kf1 Nh5 54. gxh5+ Kxh5 55. Qxg7 Qf4 56. Qh7+ 1-0

[Event "Natal Potiguar op 11th"]
[Site "Natal"]
[Date "2019.06.09"]
[Round "5"]
[White "Cavalcanti, Francisco de Assis"]
[Black "Rocha, Vitor Firmo de Souz"]
[Result "1-0"]
[WhiteElo "2261"]
[BlackElo "2160"]
[PlyCount "65"]
[EventDate "2019.06.07"]
[EventType "swiss"]
[EventRounds "6"]
[EventCountry "BRA"]
[SourceTitle "EXT 2020"]
[Source "ChessBase"]
[SourceDate "2019.10.17"]
[SourceVersion "1"]
[SourceVersionDate "2019.10.17"]
[SourceQuality "1"]

1. Nf3 Nf6 2. c4 e6 3. Nc3 d5 4. d4 Bb4 5. Qb3 c5 6. dxc5 Nc6 7. a3 Bxc5 8. Bg5 dxc4 9. Qxc4 Qb6 10. Nd1 Na5 11. Qc2 Nb3 12. Rb1 Bd7 13. Bxf6 gxf6 14. e3 Rc8 15. Nc3 a5 16. Be2 a4 17. 0-0 h5 18. Qe4 Bc6 19. Qf4 Be7 20. Ne4 f5 21. Nd6+ Bxd6 22. Qxd6 Rg8 23. Rfd1 Qa5 24. g3 Bd5 25. Nh4 Rd8 26. Qe5 Be4 27. Rxd8+ Qxd8 28. Rd1 Bd5 29. Nxf5 h4 30. Rxd5 Qxd5 31. Bb5+ Qxb5 32. Qxb5+ Kd8 33. Qxb7 1-0

[Event "Natal Potiguar op 11th"]
[Site "Natal"]
[Date "2019.06.07"]
[Round "2"]
[White "Fiori, Luis Eduardo"]
[Black "Cavalcanti, Francisco de Assis"]
[Result "0-1"]
[WhiteElo "1837"]
[BlackElo "2261"]
[PlyCount "72"]
[EventDate "2019.06.07"]
[EventType "swiss"]
[EventRounds "6"]
[EventCountry "BRA"]
[SourceTitle "EXT 2020"]
[Source "ChessBase"]
[SourceDate "2019.10.17"]
[SourceVersion "1"]
[SourceVersionDate "2019.10.17"]
[SourceQuality "1"]

1. e4 c5 2. c3 d5 3. e5 Nc6 4. d4 Bf5 5. Bd3 Bxd3 6. Qxd3 e6 7. Nf3 Nge7 8. 0-0 Nf5 9. b3 Rc8 10. Bb2 cxd4 11. cxd4 Nb4 12. Qb5+ Qd7 13. Qxd7+ Kxd7 14. Nc3 Nd3 15. Nd1 Rc2 16. Rb1 Bb4 17. a4 Nxb2 18. Nxb2 Bc3 19. Nd3 Nxd4 20. Nxd4 Bxd4 21. Ne1 Re2 22. Nd3 Rc8 23. Rfd1 Bxe5 24. Kf1 Rcc2 25. g3 Bd4 26. Rbc1 Bb6 27. Ne5+ Ke7 28. Rxc2 Rxc2 29. Nd3 Kd6 30. h4 h5 31. f4 Rh2 32. Ne5 Rh1+ 33. Ke2 Rxd1 34. Kxd1 f6 35. Nd3 e5 36. Ke2 e4 0-1

[Event "Joao Pessoa Fischer Memorial 10th"]
[Site "Joao Pessoa"]
[Date "2019.03.31"]
[Round "6"]
[White "Lage, Pedro Ferreira"]
[Black "Cavalcanti, Francisco de Assis"]
[Result "1-0"]
[WhiteElo "1991"]
[BlackElo "2259"]
[PlyCount "79"]
[EventDate "2019.03.29"]
[EventType "swiss"]
[EventRounds "6"]
[EventCountry "BRA"]
[SourceTitle "CBM 190 Extra"]
[Source "ChessBase"]
[SourceDate "2019.07.15"]
[SourceVersion "1"]
[SourceVersionDate "2019.07.15"]
[SourceQuality "1"]

1. Nf3 Nf6 2. c4 c5 3. Nc3 d5 4. cxd5 Nxd5 5. d3 Nc6 6. g3 e5 7. Bg2 Nc7 8. 0-0 Be7 9. Be3 0-0 10. Rc1 Be6 11. a3 b6 12. Ne4 a5 13. Nfd2 Bd5 14. Nc4 Rb8 15. Nc3 Bxg2 16. Kxg2 Ne6 17. Nb5 Qd7 18. Kg1 f5 19. Bd2 f4 20. Bc3 Ng5 21. Nd2 Qh3 22. Qb3+ Kh8 23. Qd5 e4 24. gxf4 Rxf4 25. Kh1 Rbf8 26. Qxc6 Rxf2 27. Rxf2 Rxf2 28. Qe8+ Bf8 29. Bxg7+ Kxg7 30. Qe5+ Kh6 31. Rg1 Rf5 32. Qg3 exd3 33. exd3 Qh5 34. Nc3 Bg7 35. Qg4 Qxg4 36. Rxg4 Bxc3 37. bxc3 Kh5 38. Rg3 Rf2 39. Rxg5+ Kh6 40. Rg2 1-0

[Event "Joao Pessoa Fischer Memorial 9th"]
[Site "Joao Pessoa"]
[Date "2018.03.18"]
[Round "5"]
[White "Cavalcanti, Francisco de Assis"]
[Black "Delgado Ramirez, Neuris"]
[Result "0-1"]
[WhiteElo "2244"]
[BlackElo "2613"]
[PlyCount "76"]
[EventDate "2018.03.16"]
[EventType "swiss"]
[EventRounds "6"]
[EventCountry "BRA"]
[SourceTitle "CBM 183 Extra"]
[Source "ChessBase"]
[SourceDate "2018.04.19"]
[SourceVersion "1"]
[SourceVersionDate "2018.04.19"]
[SourceQuality "1"]

1. Nf3 Nf6 2. d4 e6 3. c4 Bb4+ 4. Nc3 b6 5. Qb3 a5 6. a3 a4 7. Qc2 Bxc3+ 8. Qxc3 Bb7 9. Bg5 d6 10. e3 Nbd7 11. Qc2 Ra5 12. Bh4 h6 13. Bg3 Qa8 14. Be2 0-0 15. 0-0 Ne4 16. Rad1 f5 17. Ne1 Ndf6 18. f3 Nxg3 19. hxg3 Qe8 20. Bd3 Qg6 21. Qf2 e5 22. d5 e4 23. Be2 Rc5 24. Rd4 Re8 25. f4 Ba6 26. Nc2 Ng4 27. Qe1 Qh5 28. Bxg4 Qxg4 29. Qb4 b5 30. Rf2 Qxg3 31. cxb5 Bxb5 32. Qd2 Bc4 33. Nb4 Kh7 34. Qe1 Bb3 35. Rf1 Qg4 36. Qd2 Rf8 37. Re1 Rf6 38. Na6 Rc2 0-1

[Event "Joao Pessoa Fischer Memorial 9th"]
[Site "Joao Pessoa"]
[Date "2018.03.17"]
[Round "3"]
[White "Cavalcanti, Francisco de Assis"]
[Black "Okamura, Milton Kasuo"]
[Result "1-0"]
[WhiteElo "2244"]
[BlackElo "2036"]
[PlyCount "89"]
[EventDate "2018.03.16"]
[EventType "swiss"]
[EventRounds "6"]
[EventCountry "BRA"]
[SourceTitle "CBM 183 Extra"]
[Source "ChessBase"]
[SourceDate "2018.04.19"]
[SourceVersion "1"]
[SourceVersionDate "2018.04.19"]
[SourceQuality "1"]

1. e4 c5 2. Nf3 e6 3. d4 cxd4 4. Nxd4 Nc6 5. Nb5 d6 6. c4 Nf6 7. N1c3 a6 8. Na3 Be7 9. Be2 0-0 10. 0-0 Qc7 11. Be3 b6 12. Rc1 Ne5 13. f4 Ned7 14. Bf3 Bb7 15. Qe2 Rac8 16. g4 h6 17. h4 Nc5 18. Bf2 d5 19. e5 Nfe4 20. cxd5 exd5 21. b4 Qd8 22. bxc5 Nxf2 23. Rxf2 Bxc5 24. Nab1 Qxh4 25. Kg2 Bxf2 26. Qxf2 Qxf2+ 27. Kxf2 Rfd8 28. Rd1 Rc5 29. Ne2 b5 30. Nd4 Bc8 31. Nd2 Kf8 32. Nf1 b4 33. Ne3 g6 34. Rh1 Kg7 35. f5 Re8 36. f6+ Kh7 37. Bxd5 Rxe5 38. Bxf7 Rc3 39. Nd5 Bb7 40. Ne6 Rxe6 41. Bxe6 Rd3 42. Rc1 Bxd5 43. Rc7+ Kh8 44. Rc8+ Kh7 45. Bxd5 1-0

[Event "Joao Pessoa Fischer Memorial 8th"]
[Site "Joao Pessoa"]
[Date "2017.03.19"]
[Round "6"]
[White "Souza, Rafael Cabral de"]
[Black "Cavalcanti, Francisco de Assis"]
[Result "0-1"]
[WhiteElo "2148"]
[BlackElo "2226"]
[PlyCount "96"]
[EventDate "2017.03.17"]
[EventType "swiss"]
[EventRounds "6"]
[EventCountry "BRA"]
[SourceTitle "EXT 2018"]
[Source "ChessBase"]
[SourceDate "2017.10.13"]
[SourceVersion "1"]
[SourceVersionDate "2017.10.13"]
[SourceQuality "1"]

1. d4 Nf6 2. c4 d6 3. Nc3 Nbd7 4. Nf3 e5 5. e4 Be7 6. Be2 0-0 7. 0-0 c6 8. Qc2 Re8 9. Bg5 Qc7 10. d5 h6 11. Bh4 Nf8 12. Nd2 Ng6 13. Bg3 Nf4 14. Bxf4 exf4 15. Rac1 c5 16. a3 Nd7 17. b4 a6 18. Nb3 Bf6 19. Na4 b6 20. f3 Rb8 21. Nb2 Ne5 22. Nd3 g5 23. Nd2 Bd7 24. Nb2 Kg7 25. g3 Ng6 26. Nd3 Bd4+ 27. Kh1 Be3 28. Qc3+ f6 29. Ne1 Bd4 30. Qc2 Bh3 31. Ng2 h5 32. Nb3 Be5 33. gxf4 Nxf4 34. Ne3 Bxf1 35. Nf5+ Kh8 36. Bxf1 Rg8 37. Qf2 g4 38. Nd2 Qh7 39. Rb1 h4 40. fxg4 Rxg4 41. bxc5 dxc5 42. h3 Rg3 43. Nf3 Rbg8 44. Nxe5 Nxh3 45. Bxh3 Rxh3+ 46. Qh2 Rxh2+ 47. Kxh2 Qh5 48. Rb2 fxe5 0-1

[Event "Florianopolis op 3rd"]
[Site "Florianopolis"]
[Date "2017.01.21"]
[Round "2"]
[White "Baeta, Marcio Netto"]
[Black "Cavalcanti, Francisco de Assis"]
[Result "0-1"]
[WhiteElo "2047"]
[BlackElo "2235"]
[PlyCount "82"]
[EventDate "2017.01.20"]
[EventType "swiss"]
[EventRounds "10"]
[EventCountry "BRA"]
[SourceTitle "CBM 176 Extra"]
[Source "ChessBase"]
[SourceDate "2017.03.02"]
[SourceVersion "1"]
[SourceVersionDate "2017.03.02"]
[SourceQuality "1"]

1. d4 Nf6 2. c4 g6 3. Nc3 Bg7 4. e4 d6 5. Nf3 0-0 6. Be2 e5 7. dxe5 dxe5 8. Qxd8 Rxd8 9. Bg5 Re8 10. Nd5 Nxd5 11. cxd5 c6 12. Bc4 b5 13. Be2 cxd5 14. Bxb5 Bd7 15. Bxd7 Nxd7 16. Rd1 d4 17. 0-0 Rac8 18. Rc1 Nc5 19. Nd2 f6 20. Bh4 Bh6 21. b4 Bxd2 22. Rxc5 Rxc5 23. bxc5 g5 24. Bg3 Rc8 25. h4 h6 26. Rb1 Rxc5 27. Rb8+ Kf7 28. Rb7+ Kg6 29. Rxa7 Rc1+ 30. Kh2 Bc3 31. Rd7 Ra1 32. f3 h5 33. hxg5 Kxg5 34. Rg7+ Kh6 35. Rd7 Bd2 36. Ra7 Be3 37. Ra3 Kg5 38. Ra8 d3 39. Rg8+ Kh6 40. Rd8 d2 41. Bf2 Bd4 0-1

[Event "Recife Regiao op"]
[Site "Recife"]
[Date "2014.10.30"]
[Round "1"]
[White "De Souza Neto, Hilton Vilarim"]
[Black "Cavalcanti, Francisco de Assis"]
[Result "0-1"]
[WhiteElo "1921"]
[BlackElo "2186"]
[PlyCount "88"]
[EventDate "2014.10.30"]
[EventType "swiss"]
[EventRounds "7"]
[EventCountry "BRA"]
[SourceTitle "EXT 2015"]
[Source "ChessBase"]
[SourceDate "2014.11.20"]
[SourceVersion "1"]
[SourceVersionDate "2014.11.20"]
[SourceQuality "1"]

1. d4 Nf6 2. Nf3 g6 3. g3 Bg7 4. Bg2 0-0 5. 0-0 d6 6. c4 Nbd7 7. Nc3 e5 8. d5 a5 9. e4 Nc5 10. Re1 Bd7 11. b3 Qe7 12. Bg5 h6 13. Bc1 c6 14. Bf1 Rfc8 15. Bd2 Qe8 16. h3 cxd5 17. cxd5 b5 18. Qb1 b4 19. Nd1 Nfxe4 20. Rxe4 Bf5 21. Bd3 Bxe4 22. Bxe4 f5 23. Bc2 e4 24. Nh4 Qe5 25. Bc3 bxc3 26. Nxg6 Qe8 27. Nf4 Be5 28. Qc1 Nd3 29. Qe3 Bxf4 30. gxf4 Qf7 31. Kh2 Kh7 32. f3 Qxd5 33. fxe4 fxe4 34. Nf2 Nxf2 35. Qxf2 Qf5 36. Qe3 d5 37. Rd1 Re8 38. Rg1 Rg8 39. Rg4 Raf8 40. Kg3 h5 41. Rxg8 Rxg8+ 42. Kf2 Qg6 43. Ke2 Qg2+ 44. Kd1 Qh1+ 0-1

[Event "American Continental 10th"]
[Site "Praia da Pipa"]
[Date "2014.10.25"]
[Round "10"]
[White "Macedo, Maximo Valerio"]
[Black "Cavalcanti, Francisco de Assis"]
[Result "0-1"]
[WhiteElo "2085"]
[BlackElo "2186"]
[PlyCount "70"]
[EventDate "2014.10.18"]
[EventType "swiss"]
[EventRounds "11"]
[EventCountry "BRA"]
[SourceTitle "EXT 2015"]
[Source "ChessBase"]
[SourceDate "2014.11.20"]
[SourceVersion "1"]
[SourceVersionDate "2014.11.20"]
[SourceQuality "1"]

1. f4 Nf6 2. Nf3 d6 3. g3 Nbd7 4. Bg2 e5 5. d3 c6 6. e4 Be7 7. Nc3 0-0 8. 0-0 Re8 9. f5 d5 10. Qe1 dxe4 11. Nxe4 Nxe4 12. dxe4 Nf6 13. Kh1 Bf8 14. Bd2 Qc7 15. Bc3 a5 16. Bd2 b6 17. a4 Ba6 18. Rc1 Rad8 19. Bg5 Be7 20. Qf2 Ng4 21. Qe2 Bxg5 22. Nxg5 Nf6 23. b3 Rd4 24. Rfd1 c5 25. Nh3 Bb7 26. Nf2 Bc6 27. g4 h6 28. h4 Qb7 29. Re1 Nh7 30. Qe3 Qe7 31. g5 hxg5 32. h5 Nf6 33. Qxg5 Nxe4 34. Qxe7 Nxf2+ 35. Kg1 Rxe7 0-1

[Event "American Continental 10th"]
[Site "Praia da Pipa"]
[Date "2014.10.22"]
[Round "6"]
[White "Santos Filho, Tadeu Souza"]
[Black "Cavalcanti, Francisco de Assis"]
[Result "0-1"]
[WhiteElo "2074"]
[BlackElo "2186"]
[PlyCount "70"]
[EventDate "2014.10.18"]
[EventType "swiss"]
[EventRounds "11"]
[EventCountry "BRA"]
[SourceTitle "EXT 2015"]
[Source "ChessBase"]
[SourceDate "2014.11.20"]
[SourceVersion "1"]
[SourceVersionDate "2014.11.20"]
[SourceQuality "1"]

1. e4 c6 2. d4 d5 3. e5 c5 4. dxc5 Nc6 5. Bb5 Qa5+ 6. Nc3 e6 7. Be3 Bd7 8. Bxc6 Bxc6 9. Qd4 Ne7 10. b4 Qc7 11. g4 Bd7 12. Nf3 a5 13. b5 h5 14. Rb1 hxg4 15. Qxg4 Nf5 16. Na4 Nxe3 17. fxe3 Bxc5 18. Nxc5 Qxc5 19. Qd4 Qxc2 20. 0-0 Rc8 21. Rbc1 Qxc1 22. Rxc1 Rxc1+ 23. Kf2 Rc2+ 24. Kg3 0-0 25. Qd3 Rfc8 26. Ng5 R8c3 27. Qh7+ Kf8 28. Qh4 Rxe3+ 29. Nf3 Rcc3 30. Qh8+ Ke7 31. Qh4+ f6 32. exf6+ gxf6 33. Qh7+ Kd6 34. Qh8 Rxf3+ 35. Kg4 e5+ 0-1

[Event "American Continental 10th"]
[Site "Praia da Pipa"]
[Date "2014.10.20"]
[Round "4"]
[White "Parente, Renan Braz"]
[Black "Cavalcanti, Francisco de Assis"]
[Result "1-0"]
[WhiteElo "2071"]
[BlackElo "2186"]
[PlyCount "63"]
[EventDate "2014.10.18"]
[EventType "swiss"]
[EventRounds "11"]
[EventCountry "BRA"]
[SourceTitle "EXT 2015"]
[Source "ChessBase"]
[SourceDate "2014.11.20"]
[SourceVersion "1"]
[SourceVersionDate "2014.11.20"]
[SourceQuality "1"]

1. d4 Nf6 2. Nf3 e6 3. c4 c5 4. d5 exd5 5. cxd5 d6 6. Nc3 g6 7. Nd2 Bg7 8. e4 0-0 9. Bd3 Nbd7 10. 0-0 Ne5 11. Be2 a6 12. a4 Rb8 13. h3 g5 14. Nf3 Nxf3+ 15. Bxf3 h6 16. Be3 Re8 17. Qd2 b5 18. axb5 axb5 19. Ra7 b4 20. Ne2 Nxe4 21. Bxe4 Rxe4 22. Ng3 Rh4 23. Re1 c4 24. Bxg5 Qxg5 25. Re8+ Bf8 26. Qxg5+ hxg5 27. Rc7 Rd4 28. Rcxc8 Rxc8 29. Rxc8 b3 30. Nf5 Rd1+ 31. Kh2 Rxd5 32. Ne7+ 1-0

[Event "American Continental 10th"]
[Site "Praia da Pipa"]
[Date "2014.10.19"]
[Round "2"]
[White "Cubas, Jose Fernando"]
[Black "Cavalcanti, Francisco de Assis"]
[Result "0-1"]
[WhiteElo "2474"]
[BlackElo "2186"]
[PlyCount "62"]
[EventDate "2014.10.18"]
[EventType "swiss"]
[EventRounds "11"]
[EventCountry "BRA"]
[SourceTitle "EXT 2015"]
[Source "ChessBase"]
[SourceDate "2014.11.20"]
[SourceVersion "1"]
[SourceVersionDate "2014.11.20"]
[SourceQuality "1"]

1. e4 c6 2. d4 d5 3. Nd2 dxe4 4. Nxe4 Nf6 5. Nxf6+ exf6 6. c3 Bd6 7. Bd3 0-0 8. Ne2 Qc7 9. Qc2 h6 10. h3 Re8 11. 0-0 Nd7 12. c4 c5 13. Be3 cxd4 14. Nxd4 a6 15. Rfe1 Ne5 16. Bf1 Bd7 17. Rac1 Rac8 18. Qd2 Bf8 19. c5 Rcd8 20. b4 Bxh3 21. f4 Bc8 22. b5 Ng4 23. b6 Qd7 24. c6 Qd5 25. Qc3 Rxe3 26. Rxe3 Nxe3 27. Qxe3 Bc5 28. Rxc5 Qxc5 29. c7 Rxd4 30. Qe8+ Kh7 31. Qxc8 Rd8+ 0-1

[Event "Joao Pessoa AXCV 2nd"]
[Site "Joao Pessoa"]
[Date "2014.07.20"]
[Round "4.3"]
[White "Lemos, Doriedson"]
[Black "Cavalcanti, Francisco de Assis"]
[Result "1-0"]
[WhiteElo "2024"]
[BlackElo "2229"]
[PlyCount "97"]
[EventDate "2014.07.18"]
[EventType "swiss"]
[EventRounds "5"]
[EventCountry "BRA"]
[SourceTitle "EXT 2022"]
[Source "ChessBase"]
[SourceDate "2021.10.06"]
[SourceVersion "1"]
[SourceVersionDate "2021.10.06"]
[SourceQuality "1"]

1. d4 c5 2. d5 Nf6 3. c4 e6 4. Nc3 exd5 5. cxd5 d6 6. e4 g6 7. Be2 Bg7 8. Nf3 0-0 9. 0-0 Re8 10. Nd2 Na6 11. Bf3 Nc7 12. a4 b6 13. Re1 Rb8 14. Nb5 a6 15. Na7 Bb7 16. Nc4 b5 17. Na5 Qd7 18. N7c6 Bxc6 19. dxc6 Qe6 20. Bf4 Bf8 21. e5 Qf5 22. exd6 Rxe1+ 23. Qxe1 Qxf4 24. dxc7 Qxc7 25. Nb7 c4 26. axb5 axb5 27. g3 Re8 28. Qc3 Bg7 29. Qb4 Qe5 30. Ra5 Bf8 31. Rxb5 Bxb4 32. Rxe5 Rxe5 33. c7 Re8 34. Nd8 Ba5 35. c8Q Bxd8 36. Qxc4 Kg7 37. Qc3 Re6 38. b4 Bb6 39. g4 h6 40. b5 Rd6 41. Kg2 Kf8 42. Qc8+ Kg7 43. Qb8 Re6 44. Qc8 Ne4 45. Qb7 Nxf2 46. Bd5 Rf6 47. Bxf7 Kf8 48. Bd5 Nd3 49. Qa8+ 1-0